Design of concrete pavements for airports; (Record no. 529000)

000 -LEADER
fixed length control field 00797cam a22002531 4500
001 - CONTROL NUMBER
control field 1222236
003 - CONTROL NUMBER IDENTIFIER
control field NUST
005 - DATE AND TIME OF LATEST TRANSACTION
control field 20190918104419.0
008 - FIXED-LENGTH DATA ELEMENTS--GENERAL INFORMATION
fixed length control field 751204s1960 dcua 000 0 eng
010 ## - LIBRARY OF CONGRESS CONTROL NUMBER
LC control number 60035464
038 ## - RECORD CONTENT LICENSOR
Staff Name MSOHAIL
040 ## - CATALOGING SOURCE
Original cataloging agency DLC
Transcribing agency Wa
Modifying agency DLC
050 00 - LIBRARY OF CONGRESS CALL NUMBER
Classification number TL725.3.R8
Item number W5
082 00 - DEWEY DECIMAL CLASSIFICATION NUMBER
Classification number 629.1363
110 2# - MAIN ENTRY--CORPORATE NAME
Corporate name or jurisdiction name as entry element Wire Reinforcement Institute.
Subordinate unit Technical Committee.
9 (RLIN) 20857
245 10 - TITLE STATEMENT
Title Design of concrete pavements for airports;
Remainder of title welded wire fabric. [Manual no. AP11]
260 ## - PUBLICATION, DISTRIBUTION, ETC.
Place of publication, distribution, etc. Washington,
Name of publisher, distributor, etc. Wire Reinforcement Institute
Date of publication, distribution, etc. [1960]
300 ## - PHYSICAL DESCRIPTION
Extent 96 p.
Other physical details illus.
Dimensions 24 cm.
650 #0 - SUBJECT ADDED ENTRY--TOPICAL TERM
Topical term or geographic name entry element Runways (Aeronautics)
9 (RLIN) 20858
650 #0 - SUBJECT ADDED ENTRY--TOPICAL TERM
Topical term or geographic name entry element Pavements, Concrete.
9 (RLIN) 20053
740 ## - ADDED ENTRY--UNCONTROLLED RELATED/ANALYTICAL TITLE
Uncontrolled related/analytical title Welded wire fabric.
906 ## - LOCAL DATA ELEMENT F, LDF (RLIN)
a 7
b cbc
c orignew
d u
e ocip
f 19
g y-gencatlg
942 ## - ADDED ENTRY ELEMENTS (KOHA)
Source of classification or shelving scheme
Koha item type Book
Holdings
Withdrawn status Lost status Source of classification or shelving scheme Damaged status Not for loan Permanent Location Current Location Date acquired Total Checkouts Full call number Barcode Date last seen Price effective from Koha item type
          School of Civil and Environmental Engineering (SCEE) School of Civil and Environmental Engineering (SCEE) 09/18/2019   629.1363 NIT-10630 09/18/2019 09/18/2019 Book
© 2023 Central Library, National University of Sciences and Technology. All Rights Reserved.